000 02657cam a2200289 4500500
005 20260329022516.0
041 _afre
042 _adc
100 1 0 _aFauque, Patricia
_eauthor
700 1 0 _ade Mouzon, Jacques
_eauthor
700 1 0 _aDevaux, Aviva
_eauthor
700 1 0 _aEpelboin, Sylvie
_eauthor
700 1 0 _aGervoise-Boyer,
_eauthor
700 1 0 _aLévy, Rachel
_eauthor
700 1 0 _aValentin, Morgane
_eauthor
700 1 0 _aViot, Géraldine
_eauthor
700 1 0 _aBergère, Marianne
_eauthor
700 1 0 _aDe Vienne, Claire
_eauthor
700 1 0 _aJonveaux, Philippe
_eauthor
700 1 0 _aPessione, Fabienne
_eauthor
245 0 0 _aThe impact of female infertility on the occurrence of congenital malformations after medically assisted reproduction
260 _c2022.
500 _a24
520 _aDo in vitro fertilization (IVF) and intrauterine insemination (IUI) lead to an increased risk of congenital anomalies? This is a major question, which most of the available epidemiological studies unfortunately seem to answer with a “yes.” However, these results are based on data obtained at birth or during the neonatal period, on small populations, and above all without taking into account the possible role of underlying female infertility, a potential confounding factor. Using the French national health system database, we performed a comparative analysis of all singleton births in France over a five-year period (2013–2017), by natural conception (NC), embryo transfer (ET), or IVF. A total of 3,501,495 singleton births were included (3,417,089 NC, 20,218 IUI , and 64,188 ET). The risks of major congenital malformations (ICD-10) were investigated according to mode of conception in multivariate analyses using multiple logistic regression models adjusted for maternal age, primiparity, obesity, smoking, history of hypertension or diabetes, and female infertility. The prevalence of malformations after ET was significantly higher than after NC, with adjusted odds ratios (AOR) of 1.15 and 1.13. The overall risk was similar in the IUI and NC groups (AOR of 1.01). An independent and overall increase in risk was observed in the presence of endometriosis (AOR of 1.16), polycystic ovary syndrome (1.20), or premature ovarian failure (1.52). This study therefore shows that causes of maternal infertility are associated with an increased risk of congenital anomalies, in addition to those associated with IVF.
786 0 _nMédecine de la Reproduction | 24 | 1 | 2022-01-01 | p. 91-99 | 2650-8427
856 4 1 _uhttps://stm.cairn.info/journal-medecine-de-la-reproduction-2022-1-page-91?lang=en&redirect-ssocas=7080
999 _c1920579
_d1920579